[Event "Mitropa Cup 27th"]
[Site "Olbia"]
[Date "2008.06.01"]
[Round "7.3"]
[White "Saric, Ivan"]
[Black "Garcia Palermo, Carlos H"]
[Result "1-0"]
[WhiteElo "2500"]
[BlackElo "2465"]
[PlyCount "71"]
[EventDate "2008.05.25"]
[EventType "team-tourn"]
[EventRounds "9"]
[EventCountry "ITA"]
[Source "ChessBase"]
[SourceDate "2008.07.03"]
[WhiteTeam "Croatia"]
[BlackTeam "Italy"]
[WhiteTeamCountry "CRO"]
[BlackTeamCountry "ITA"]

1. e4 e6 2. d4 d5 3. Nc3 Nf6 4. e5 Nfd7 5. f4 c5 6. Nf3 Nc6 7. Be3 a6 8. Qd2 b5
9. a3 Qa5 10. dxc5 Bxc5 11. Bxc5 Nxc5 12. Nd4 Nxd4 13. Qxd4 Ne4 14. b4 Qc7 15.
Nxe4 dxe4 16. c4 O-O 17. cxb5 Rd8 18. b6 Qe7 19. Qe3 Bb7 20. Be2 Qh4+ 21. Qf2
Qh6 22. O-O f6 23. Rac1 Rab8 24. exf6 Qxf6 25. Qe3 h5 26. Rfd1 h4 27. Rxd8+
Qxd8 28. Rc7 Qd6 29. Qc3 Qxb6+ 30. Kf1 e5 31. Qxe5 Qg6 32. Rxb7 Rxb7 33. Qd5+
Kh8 34. Qxb7 e3 35. Qc8+ Kh7 36. Qc3 1-0

[Event "Mitropa Cup 27th"]
[Site "Olbia"]
[Date "2008.06.01"]
[Round "7.4"]
[White "Bellini, Fabio"]
[Black "Doric, Darko"]
[Result "0-1"]
[WhiteElo "2518"]
[BlackElo "2448"]
[PlyCount "84"]
[EventDate "2008.05.25"]
[EventType "team-tourn"]
[EventRounds "9"]
[EventCountry "ITA"]
[Source "ChessBase"]
[SourceDate "2008.07.03"]
[WhiteTeam "Italy"]
[BlackTeam "Croatia"]
[WhiteTeamCountry "ITA"]
[BlackTeamCountry "CRO"]

1. e4 c6 2. d4 d5 3. exd5 cxd5 4. Bd3 Nc6 5. c3 Qc7 6. h3 g6 7. Nf3 Bf5 8. Bxf5
gxf5 9. O-O e6 10. Re1 Nf6 11. Ne5 Nxe5 12. Bf4 Nfd7 13. Bxe5 Nxe5 14. Rxe5 Bg7
15. Re1 O-O 16. Nd2 b5 17. Nb3 a5 18. Nc5 b4 19. Rc1 bxc3 20. Rxc3 Qe7 21. Rg3
Kh8 22. Qd2 Ra7 23. Nd3 Bxd4 24. Nf4 Qb4 25. Qe2 Qxb2 26. Qf3 Rc7 27. Nd3 Qd2
28. Rd1 Qh6 29. Qe2 Qf6 30. Kh1 Rfc8 31. Nf4 Qe5 32. Qf3 Rc2 33. Nd3 Qe2 34.
Qxe2 Rxe2 35. Nf4 Re4 36. Nd3 Bf6 37. Rb1 h5 38. Rb7 h4 39. Rf3 Kg8 40. g4 hxg3
41. fxg3 Rc2 42. g4 Ree2 0-1

[Event "Mitropa Cup 27th"]
[Site "Olbia"]
[Date "2008.06.01"]
[Round "7.1"]
[White "Simacek, Pavel"]
[Black "Lenic, Luka"]
[Result "1/2-1/2"]
[WhiteElo "2461"]
[BlackElo "2584"]
[PlyCount "148"]
[EventDate "2008.05.25"]
[EventType "team-tourn"]
[EventRounds "9"]
[EventCountry "ITA"]
[Source "ChessBase"]
[SourceDate "2008.07.03"]
[WhiteTeam "Czech Republic"]
[BlackTeam "Slovenia"]
[WhiteTeamCountry "CZE"]
[BlackTeamCountry "SVK"]

1. e4 c5 2. Nf3 Nc6 3. d4 cxd4 4. Nxd4 Nf6 5. Nc3 e5 6. Ndb5 d6 7. Bg5 a6 8.
Na3 b5 9. Nd5 Be7 10. Bxf6 Bxf6 11. c3 Ne7 12. Nxf6+ gxf6 13. Bd3 Bb7 14. Nc2
d5 15. Qe2 dxe4 16. Bxe4 Bxe4 17. Qxe4 Qd5 18. Qxd5 Nxd5 19. g3 f5 20. a4 Ke7
21. axb5 axb5 22. Ke2 Nb6 23. Na3 Nc4 24. Nxb5 Nxb2 25. Na7 Kf6 26. Ra6+ Kg7
27. Rha1 Rhd8 28. Rb6 Nc4 29. Rc6 Rd2+ 30. Ke1 Rb8 31. Rxc4 Rbb2 32. Rh4 Rxf2
33. Nc6 Rg2 34. Kf1 Rbf2+ 35. Ke1 e4 36. Nd4 e3 37. Nxf5+ Rxf5 38. Rg4+ Kh6 39.
Ra6+ f6 40. Rf4 Kg5 41. Re6 Ra5 42. Kf1 Rxh2 43. Kg1 Raa2 44. Rxe3 Rag2+ 45.
Kf1 Rxg3 46. Rxg3+ Kxf4 47. Rg7 h5 48. Rh7 Kg4 49. Rg7+ Kf4 50. Rh7 f5 51. Kg1
Rc2 52. Rxh5 Kg4 53. Rh8 Rxc3 54. Kf2 Rc2+ 55. Kg1 f4 56. Rg8+ Kf3 57. Rf8 Rc1+
58. Kh2 Re1 59. Rf7 Ke3 60. Kg2 Re2+ 61. Kf1 Ra2 62. Rf8 Kf3 63. Kg1 Ra1+ 64.
Kh2 Rf1 65. Ra8 Rf2+ 66. Kg1 Re2 67. Rf8 Re4 68. Kf1 Rd4 69. Kg1 Rd1+ 70. Kh2
Rd4 71. Kg1 Ke3 72. Re8+ Re4 73. Rxe4+ Kxe4 74. Kf2 f3 1/2-1/2

[Event "Mitropa Cup 27th"]
[Site "Olbia"]
[Date "2008.06.01"]
[Round "7.3"]
[White "Plat, Vojtech"]
[Black "Sebenik, Matej"]
[Result "1/2-1/2"]
[WhiteElo "2332"]
[BlackElo "2502"]
[PlyCount "81"]
[EventDate "2008.05.25"]
[EventType "team-tourn"]
[EventRounds "9"]
[EventCountry "ITA"]
[Source "ChessBase"]
[SourceDate "2008.07.03"]
[WhiteTeam "Czech Republic"]
[BlackTeam "Slovenia"]
[WhiteTeamCountry "CZE"]
[BlackTeamCountry "SVK"]

1. e4 e6 2. d4 d5 3. Nd2 Nf6 4. e5 Nfd7 5. Bd3 c5 6. c3 Nc6 7. Ne2 cxd4 8. cxd4
Qb6 9. Nf3 f6 10. exf6 Nxf6 11. O-O Bd6 12. Ng3 O-O 13. b3 e5 14. dxe5 Nxe5 15.
Be2 Nxf3+ 16. Bxf3 Be5 17. Rb1 Rd8 18. Bg5 d4 19. Re1 Bxg3 20. hxg3 Bf5 21. Rb2
Rd7 22. Bxf6 Qxf6 23. Be4 d3 24. Rd2 Bxe4 25. Rxe4 Rad8 26. Re3 Qc3 27. Qe1 Qf6
28. Qc1 Qd4 29. Kf1 h6 30. Qe1 Qb4 31. Re8+ Kh7 32. Qe4+ Qxe4 33. Rxe4 Rc8 34.
Re1 Rc2 35. Red1 Rdc7 36. f3 b5 37. Kf2 R7c3 38. Ke3 b4 39. g4 a5 40. g3 Kg6
41. Ke4 1/2-1/2

[Event "Mitropa Cup 27th"]
[Site "Olbia"]
[Date "2008.06.01"]
[Round "7.4"]
[White "Skoberne, Jure"]
[Black "Klima, Lukas"]
[Result "1/2-1/2"]
[WhiteElo "2492"]
[BlackElo "2407"]
[PlyCount "103"]
[EventDate "2008.05.25"]
[EventType "team-tourn"]
[EventRounds "9"]
[EventCountry "ITA"]
[Source "ChessBase"]
[SourceDate "2008.07.03"]
[WhiteTeam "Slovenia"]
[BlackTeam "Czech Republic"]
[WhiteTeamCountry "SVK"]
[BlackTeamCountry "CZE"]

1. c4 e5 2. Nc3 c5 3. Nf3 Nc6 4. e3 Nf6 5. d4 cxd4 6. exd4 e4 7. Ne5 Bb4 8. Be2
Qa5 9. Nxc6 Bxc3+ 10. bxc3 dxc6 11. Qb3 O-O 12. h3 Be6 13. Qa3 Qf5 14. Be3 h5
15. g4 hxg4 16. O-O-O g3 17. fxg3 b5 18. g4 Qg6 19. d5 cxd5 20. cxb5 Rfc8 21.
Rd4 Nd7 22. Ra4 Qf6 23. Kd2 Ne5 24. Rf1 Qd8 25. Rd4 Qh4 26. Ra4 Qxh3 27. Rxa7
Rxa7 28. Qxa7 Nc4+ 29. Bxc4 dxc4 30. Rf2 Qxg4 31. Kc2 Bd5 32. Qd4 Qe6 33. Rg2
f6 34. a4 Ra8 35. Bh6 e3 36. Rxg7+ Kh8 37. Rg1 Qe4+ 38. Qxe4 Bxe4+ 39. Kb2 e2
40. Ka3 Bc2 41. Kb4 Rxa4+ 42. Kc5 Kh7 43. Bf4 Be4 44. b6 Ra5+ 45. Kd4 Rd5+ 46.
Kxe4 Rd1 47. Ke3 Rxg1 48. Kxe2 Rb1 49. Bc7 Kg6 50. Ke3 f5 51. Kd4 f4 52. Ke4
1/2-1/2

[Event "Mitropa Cup 27th"]
[Site "Olbia"]
[Date "2008.06.01"]
[Round "7.1"]
[White "Baramidze, David"]
[Black "Le Roux, Jean Pierre"]
[Result "1/2-1/2"]
[WhiteElo "2583"]
[BlackElo "2482"]
[PlyCount "86"]
[EventDate "2008.05.25"]
[EventType "team-tourn"]
[EventRounds "9"]
[EventCountry "ITA"]
[Source "ChessBase"]
[SourceDate "2008.07.03"]
[WhiteTeam "Germany"]
[BlackTeam "France"]
[WhiteTeamCountry "GER"]
[BlackTeamCountry "FRA"]

1. e4 Nf6 2. e5 Nd5 3. c4 Nb6 4. d4 d6 5. exd6 exd6 6. Nc3 Be7 7. Bd3 Nc6 8.
Nge2 Bg4 9. h3 Bh5 10. Be3 O-O 11. b3 Re8 12. Qd2 Nb4 13. Bb1 a5 14. Nf4 Bg5
15. O-O Bxf4 16. Bxf4 Bg6 17. Bxg6 hxg6 18. Nb5 Qd7 19. Rfe1 N6d5 20. Bg3 Nf6
21. a3 Nc6 22. d5 Ne7 23. a4 Nf5 24. Bh2 Ne4 25. Qc2 Nc5 26. g4 Nh4 27. Nd4
Rxe1+ 28. Rxe1 Re8 29. Re2 Qd8 30. Bg3 Rxe2 31. Qxe2 Qf6 32. Bxh4 Qxd4 33. Bd8
Nxb3 34. Bxc7 Nd2 35. Qe8+ Kh7 36. Qxf7 Qa1+ 37. Kg2 Qf1+ 38. Kh2 Qxc4 39. Bxd6
Qe4 40. Bf8 Qe5+ 41. Kg2 Qe4+ 42. Kh2 Qe5+ 43. Kg2 Qe4+ 1/2-1/2

[Event "Mitropa Cup 27th"]
[Site "Olbia"]
[Date "2008.06.01"]
[Round "7.2"]
[White "Benitah, Yohan"]
[Black "Braun, Arik"]
[Result "0-1"]
[WhiteElo "2425"]
[BlackElo "2529"]
[PlyCount "102"]
[EventDate "2008.05.25"]
[EventType "team-tourn"]
[EventRounds "9"]
[EventCountry "ITA"]
[Source "ChessBase"]
[SourceDate "2008.07.03"]
[WhiteTeam "France"]
[BlackTeam "Germany"]
[WhiteTeamCountry "FRA"]
[BlackTeamCountry "GER"]

1. d4 d5 2. c4 c6 3. Nf3 Nf6 4. Nc3 e6 5. e3 Nbd7 6. Qc2 Bd6 7. g4 h6 8. Rg1 e5
9. g5 hxg5 10. Nxg5 Qe7 11. cxd5 exd4 12. Ne2 dxe3 13. Bxe3 Nxd5 14. O-O-O N7f6
15. Bd2 Bg4 16. Re1 O-O-O 17. Nd4 Qd7 18. f3 Rxh2 19. Rg2 Rxg2 20. Bxg2 Nf4 21.
Bf1 Bh5 22. Nb5 Bg6 23. Qc4 Qf5 24. Nxa7+ Kb8 25. Nxc6+ bxc6 26. Qb3+ Kc7 27.
Ne4 Nxe4 28. Rxe4 Qd5 29. Qa4 Qc5+ 30. Rc4 Nd3+ 31. Bxd3 Qg1+ 32. Qd1 Qxd1+ 33.
Kxd1 Bxd3 34. Rd4 Ra8 35. Rxd3 Rxa2 36. Bc3 g6 37. Ke2 Ra8 38. Rd1 c5 39. Kf2
Kc6 40. Rh1 Re8 41. Rh7 Re7 42. Bf6 Rb7 43. Ke3 Kd5 44. Bc3 Be5 45. Rh4 f5 46.
Ra4 g5 47. Kd3 Bxc3 48. bxc3 Rg7 49. c4+ Ke5 50. Ra5 Rd7+ 51. Kc3 Rc7 0-1

[Event "Mitropa Cup 27th"]
[Site "Olbia"]
[Date "2008.06.01"]
[Round "7.3"]
[White "Naumann, Alexander"]
[Black "Vitoux, Colomban"]
[Result "1-0"]
[WhiteElo "2523"]
[BlackElo "2445"]
[PlyCount "61"]
[EventDate "2008.05.25"]
[EventType "team-tourn"]
[EventRounds "9"]
[EventCountry "ITA"]
[Source "ChessBase"]
[SourceDate "2008.07.03"]
[WhiteTeam "Germany"]
[BlackTeam "France"]
[WhiteTeamCountry "GER"]
[BlackTeamCountry "FRA"]

1. Nf3 Nf6 2. c4 c6 3. Nc3 d5 4. d4 dxc4 5. a4 c5 6. d5 Bf5 7. a5 e6 8. Qa4+
Qd7 9. Nb5 Bc2 10. Qxc2 Qxb5 11. dxe6 fxe6 12. e3 Qb3 13. Qxc4 Qxc4 14. Bxc4
Ke7 15. Ng5 Nc6 16. Nxe6 Ne5 17. Ba2 Rc8 18. Ke2 Rc6 19. f4 Nf7 20. Ng5 Nd6 21.
Rd1 c4 22. Rd4 Ke8 23. Bd2 h6 24. Nf3 b5 25. axb6 Rxb6 26. Bxc4 Nf5 27. Rxa7
Nxd4+ 28. Nxd4 Nd7 29. Bb5 Rd6 30. Nf5 Rd5 31. Bc6 1-0

[Event "Mitropa Cup 27th"]
[Site "Olbia"]
[Date "2008.06.01"]
[Round "7.4"]
[White "Monroy, Charles"]
[Black "Huschenbeth, Niclas"]
[Result "1-0"]
[WhiteElo "2399"]
[BlackElo "2453"]
[PlyCount "81"]
[EventDate "2008.05.25"]
[EventType "team-tourn"]
[EventRounds "9"]
[EventCountry "ITA"]
[Source "ChessBase"]
[SourceDate "2008.07.03"]
[WhiteTeam "France"]
[BlackTeam "Germany"]
[WhiteTeamCountry "FRA"]
[BlackTeamCountry "GER"]

1. Nf3 Nf6 2. c4 g6 3. b4 Bg7 4. Bb2 O-O 5. e3 d6 6. d3 e5 7. Qc2 Nbd7 8. Be2
Re8 9. Nc3 a5 10. a3 axb4 11. axb4 Rxa1+ 12. Bxa1 b6 13. O-O Bb7 14. Nd2 Qe7
15. Bb2 Ra8 16. Bf3 Bxf3 17. Nxf3 Qd8 18. h3 Qb8 19. Nd2 Qb7 20. Qb3 c6 21.
Nde4 Ne8 22. b5 c5 23. Nd5 f5 24. Nec3 Ndf6 25. e4 Nxd5 26. exd5 Nf6 27. Rb1 h5
28. Qd1 g5 29. Ra1 Ra7 30. Ra4 Qa8 31. Qa1 Rxa4 32. Nxa4 Qa7 33. Nxb6 Qxb6 34.
Qa8+ Kh7 35. Bc3 Ne8 36. Qc6 Qb8 37. b6 Bf6 38. b7 Bd8 39. Qc8 Bc7 40. Ba5 Qa7
41. Bxc7 1-0

[Event "Mitropa Cup 27th"]
[Site "Olbia"]
[Date "2008.06.01"]
[Round "7.1"]
[White "Jenni, Florian"]
[Black "Erdos, Viktor"]
[Result "1-0"]
[WhiteElo "2550"]
[BlackElo "2576"]
[PlyCount "77"]
[EventDate "2008.05.25"]
[EventType "team-tourn"]
[EventRounds "9"]
[EventCountry "ITA"]
[Source "ChessBase"]
[SourceDate "2008.07.03"]
[WhiteTeam "Switzerland"]
[BlackTeam "Hungary"]
[WhiteTeamCountry "SUI"]
[BlackTeamCountry "HUN"]

1. e4 e6 2. d4 d5 3. Nc3 Nf6 4. Bg5 dxe4 5. Nxe4 Nbd7 6. Nf3 h6 7. Nxf6+ Nxf6
8. Be3 Nd5 9. Bd2 c5 10. Ne5 a6 11. c3 Bd6 12. Qa4+ Ke7 13. Qd1 cxd4 14. cxd4
Bxe5 15. dxe5 Qc7 16. Qh5 g5 17. Be2 Qxe5 18. O-O Nf4 19. Bxf4 Qxf4 20. g3 Qe5
21. f4 Qe3+ 22. Rf2 Bd7 23. fxg5 Raf8 24. Qh4 hxg5 25. Qb4+ Ke8 26. Kf1 Bc6 27.
Qd6 Qb6 28. Rd1 g4 29. b4 Rh5 30. a4 Rfh8 31. a5 Bg2+ 32. Rxg2 Rf5+ 33. Ke1
Qxd6 34. Rxd6 Ke7 35. Rb6 Rc8 36. Rxb7+ Kf8 37. Bxg4 Rc1+ 38. Kd2 Rff1 39. Be2
1-0

[Event "Mitropa Cup 27th"]
[Site "Olbia"]
[Date "2008.06.01"]
[Round "7.2"]
[White "Gonda, Laszlo"]
[Black "Gallagher, Joseph G"]
[Result "1/2-1/2"]
[WhiteElo "2509"]
[BlackElo "2480"]
[PlyCount "105"]
[EventDate "2008.05.25"]
[EventType "team-tourn"]
[EventRounds "9"]
[EventCountry "ITA"]
[Source "ChessBase"]
[SourceDate "2008.07.03"]
[WhiteTeam "Hungary"]
[BlackTeam "Switzerland"]
[WhiteTeamCountry "HUN"]
[BlackTeamCountry "SUI"]

1. d4 Nf6 2. c4 g6 3. Nc3 Bg7 4. e4 d6 5. Nf3 O-O 6. Be2 e5 7. O-O Nc6 8. Be3
Re8 9. dxe5 dxe5 10. Qxd8 Nxd8 11. Nb5 Ne6 12. Ng5 Re7 13. Rfd1 b6 14. a4 c6
15. Nd6 Nd4 16. Bxd4 exd4 17. a5 Rb8 18. axb6 axb6 19. Rxd4 Ne8 20. Rdd1 Nxd6
21. Rxd6 Bb7 22. Ra2 h6 23. Nf3 Rxe4 24. b3 Re7 25. Kf1 Bf8 26. Rdd2 Kg7 27.
Bd1 Rbe8 28. Re2 Rxe2 29. Bxe2 Bb4 30. Ne1 c5 31. Nd3 Ba5 32. Nxc5 Bc8 33. Nd3
Bf5 34. Nf4 Be4 35. f3 Bc6 36. Nd3 Bc3 37. Ra6 Ra8 38. Rxa8 Bxa8 39. Nf4 Bc6
40. Bd3 f5 41. Ke2 Kf6 42. Bc2 Bd4 43. Nd3 g5 44. Bd1 Bb7 45. Nf2 Ke5 46. Nd3+
Kf6 47. Ne1 Ke5 48. Nc2 Bg1 49. Ne3 Bc8 50. h3 Bxe3 51. Kxe3 f4+ 52. Kd2 Kd4
53. Bc2 1/2-1/2

[Event "Mitropa Cup 27th"]
[Site "Olbia"]
[Date "2008.06.01"]
[Round "7.3"]
[White "Huss, Andreas"]
[Black "Fodor, Tamas Jr"]
[Result "0-1"]
[WhiteElo "2380"]
[BlackElo "2432"]
[PlyCount "70"]
[EventDate "2008.05.25"]
[EventType "team-tourn"]
[EventRounds "9"]
[EventCountry "ITA"]
[Source "ChessBase"]
[SourceDate "2008.07.03"]
[WhiteTeam "Switzerland"]
[BlackTeam "Hungary"]
[WhiteTeamCountry "SUI"]
[BlackTeamCountry "HUN"]

1. d4 d5 2. c4 e6 3. Nf3 Nf6 4. Nc3 Be7 5. Bg5 Nbd7 6. e3 O-O 7. Rc1 a6 8. cxd5
exd5 9. Bd3 c6 10. O-O Re8 11. Qc2 Nf8 12. h3 g6 13. Ne5 Ne6 14. f4 Ng7 15. g4
Nd7 16. Bh6 Bf8 17. Qf2 Ne6 18. Bxf8 Ndxf8 19. g5 Ng7 20. Ng4 Kh8 21. Nh6 Re7
22. Kg2 Be6 23. Rh1 Qd7 24. Rce1 Rae8 25. h4 Nf5 26. Ng4 Nxh4+ 27. Rxh4 Bxg4
28. e4 Bf5 29. Reh1 dxe4 30. Rxh7+ Nxh7 31. Qh4 f6 32. gxf6 Rf7 33. Bc4 Be6 34.
Nxe4 Bxc4 35. Ng5 Bd5+ 0-1

[Event "Mitropa Cup 27th"]
[Site "Olbia"]
[Date "2008.06.01"]
[Round "7.4"]
[White "Pap, Gyula"]
[Black "Hindermann, Felix"]
[Result "1/2-1/2"]
[WhiteElo "2451"]
[BlackElo "2298"]
[PlyCount "49"]
[EventDate "2008.05.25"]
[EventType "team-tourn"]
[EventRounds "9"]
[EventCountry "ITA"]
[Source "ChessBase"]
[SourceDate "2008.07.03"]
[WhiteTeam "Hungary"]
[BlackTeam "Switzerland"]
[WhiteTeamCountry "HUN"]
[BlackTeamCountry "SUI"]

1. Nf3 e6 2. c4 b6 3. g3 Bb7 4. Bg2 f5 5. b3 Nf6 6. Bb2 g6 7. O-O Bg7 8. d4 O-O
9. Nc3 Ne4 10. Qc2 Nxc3 11. Bxc3 Be4 12. Qd2 d6 13. Qe3 Qe7 14. Bh3 Nd7 15. Nd2
Bb7 16. Qd3 c5 17. Bg2 Bxg2 18. Kxg2 cxd4 19. Bxd4 Nc5 20. Qc3 e5 21. Bxc5 dxc5
22. e4 Rad8 23. Rae1 Qb7 24. Qe3 Rd4 25. f3 1/2-1/2

[Event "Mitropa Cup 27th"]
[Site "Olbia"]
[Date "2008.06.02"]
[Round "8.1"]
[White "Le Roux, Jean Pierre"]
[Black "Neubauer, Martin"]
[Result "1/2-1/2"]
[WhiteElo "2482"]
[BlackElo "2466"]
[PlyCount "146"]
[EventDate "2008.05.25"]
[EventType "team-tourn"]
[EventRounds "9"]
[EventCountry "ITA"]
[Source "ChessBase"]
[SourceDate "2008.07.03"]
[WhiteTeam "France"]
[BlackTeam "Austria"]
[WhiteTeamCountry "FRA"]
[BlackTeamCountry "AUT"]

1. Nf3 Nf6 2. d4 g6 3. Bg5 Bg7 4. Nbd2 O-O 5. e4 d5 6. exd5 Nxd5 7. Nb3 Bf5 8.
Bd3 Bxd3 9. Qxd3 a5 10. O-O a4 11. Nc5 h6 12. Bd2 b6 13. Ne4 Nd7 14. Rad1 Re8
15. Rfe1 Qc8 16. c4 N5f6 17. Nc3 c6 18. h3 Qb7 19. Ne5 b5 20. cxb5 cxb5 21.
Nxb5 Rab8 22. Nc3 Nb6 23. Qb5 Rec8 24. Nxa4 Nxa4 25. Qxa4 Ra8 26. Qb3 Qxb3 27.
axb3 Nd5 28. Ng4 Rc2 29. Bxh6 Bxh6 30. Nxh6+ Kf8 31. Rd3 Rxb2 32. Rf3 f6 33.
Rg3 Kg7 34. Nf5+ Kf7 35. Nh6+ Kg7 36. Ng4 Raa2 37. Rf3 Rd2 38. Ne3 Nc3 39. Nc4
Re2 40. Rf1 Nd5 41. Rb1 g5 42. Kf1 Kg6 43. g3 g4 44. hxg4 Kg5 45. Kg2 Kxg4 46.
Rh1 Kg5 47. Rh8 Re4 48. Rg8+ Kh6 49. Rd8 Rxd4 50. Kh2 Rd1 51. Rf5 e6 52. Rxf6+
Nxf6 53. Rxd1 Rxf2+ 54. Kh3 Rf3 55. Rb1 Ne4 56. Kg4 Rc3 57. Kf4 Nxg3 58. Ke5
Nf5 59. Kf6 Kh5 60. Ne5 Kh4 61. b4 Nd4 62. Rd1 Nb5 63. Rg1 Nc7 64. Ng6+ Kh3 65.
Nf4+ Kh4 66. Ng6+ Kh3 67. Ke5 Rb3 68. Nf4+ Kh4 69. Rg7 Na6 70. Ng2+ Kh3 71.
Nf4+ Kh4 72. Kxe6 Rxb4 73. Nd5 Rg4 1/2-1/2

[Event "Mitropa Cup 27th"]
[Site "Olbia"]
[Date "2008.06.02"]
[Round "8.2"]
[White "Baumegger, Siegfried"]
[Black "Benitah, Yohan"]
[Result "1-0"]
[WhiteElo "2440"]
[BlackElo "2425"]
[PlyCount "41"]
[EventDate "2008.05.25"]
[EventType "team-tourn"]
[EventRounds "9"]
[EventCountry "ITA"]
[Source "ChessBase"]
[SourceDate "2008.07.03"]
[WhiteTeam "Austria"]
[BlackTeam "France"]
[WhiteTeamCountry "AUT"]
[BlackTeamCountry "FRA"]

1. c4 c6 2. e4 d5 3. exd5 cxd5 4. d4 Nf6 5. Nc3 Nc6 6. Nf3 Bg4 7. cxd5 Nxd5 8.
Qb3 Bxf3 9. gxf3 Nb6 10. d5 Ne5 11. Bb5+ Nbd7 12. Be3 g5 13. O-O-O Bg7 14. Bxg5
Nxf3 15. d6 Bf6 16. Bxf6 exf6 17. Nd5 Nfe5 18. Nc7+ Kf8 19. Nxa8 Qxa8 20. Bxd7
Nxd7 21. Qe3 1-0

[Event "Mitropa Cup 27th"]
[Site "Olbia"]
[Date "2008.06.02"]
[Round "8.3"]
[White "Vitoux, Colomban"]
[Black "Pilaj, Herwig"]
[Result "1/2-1/2"]
[WhiteElo "2445"]
[BlackElo "2389"]
[PlyCount "28"]
[EventDate "2008.05.25"]
[EventType "team-tourn"]
[EventRounds "9"]
[EventCountry "ITA"]
[Source "ChessBase"]
[SourceDate "2008.07.03"]
[WhiteTeam "France"]
[BlackTeam "Austria"]
[WhiteTeamCountry "FRA"]
[BlackTeamCountry "AUT"]

1. e4 c5 2. Nf3 d6 3. d4 cxd4 4. Nxd4 Nf6 5. Nc3 Nc6 6. Bg5 e6 7. Bb5 Bd7 8.
Bxc6 bxc6 9. Qf3 h6 10. Bh4 e5 11. Nf5 Bxf5 12. Qxf5 Be7 13. Rd1 Qd7 14. Qf3
Rd8 1/2-1/2

[Event "Mitropa Cup 27th"]
[Site "Olbia"]
[Date "2008.06.02"]
[Round "8.4"]
[White "Kreisl, Robert"]
[Black "Monroy, Charles"]
[Result "1/2-1/2"]
[WhiteElo "2322"]
[BlackElo "2399"]
[PlyCount "40"]
[EventDate "2008.05.25"]
[EventType "team-tourn"]
[EventRounds "9"]
[EventCountry "ITA"]
[Source "ChessBase"]
[SourceDate "2008.07.03"]
[WhiteTeam "Austria"]
[BlackTeam "France"]
[WhiteTeamCountry "AUT"]
[BlackTeamCountry "FRA"]

1. e4 d6 2. d4 Nf6 3. Nc3 e5 4. Nf3 Nbd7 5. Bc4 Be7 6. O-O O-O 7. Re1 c6 8. a4
b6 9. d5 cxd5 10. Nxd5 Nxd5 11. Bxd5 Rb8 12. h3 Nf6 13. Bb3 Bb7 14. Qd3 d5 15.
Bxd5 Bxd5 16. exd5 e4 17. Rxe4 Nxe4 18. Qxe4 Re8 19. Qd3 Qd6 20. c4 Qf6 1/2-1/2

[Event "Mitropa Cup 27th"]
[Site "Olbia"]
[Date "2008.06.02"]
[Round "8.1"]
[White "Lenic, Luka"]
[Black "Saric, Ante"]
[Result "1/2-1/2"]
[WhiteElo "2584"]
[BlackElo "2505"]
[PlyCount "99"]
[EventDate "2008.05.25"]
[EventType "team-tourn"]
[EventRounds "9"]
[EventCountry "ITA"]
[Source "ChessBase"]
[SourceDate "2008.07.03"]
[WhiteTeam "Slovenia"]
[BlackTeam "Croatia"]
[WhiteTeamCountry "SVK"]
[BlackTeamCountry "CRO"]

1. d4 Nf6 2. c4 e6 3. Nc3 Bb4 4. Nf3 b6 5. Bg5 Bb7 6. Nd2 h6 7. Bh4 Be7 8. e4
Nxe4 9. Bxe7 Nxc3 10. Bxd8 Nxd1 11. Bxc7 Nxb2 12. a4 d5 13. cxd5 exd5 14. Ra2
Nc4 15. Nxc4 dxc4 16. Bxc4 Kd7 17. Be5 f6 18. Bb5+ Ke6 19. Bg3 Rc8 20. O-O Bd5
21. Rd2 Kf7 22. h4 Nc6 23. h5 Ne7 24. Re1 Rc3 25. Rde2 Nc6 26. Re3 Rxe3 27.
fxe3 f5 28. Rc1 Rc8 29. Be5 Ne7 30. Rxc8 Nxc8 31. Bd7 Ne7 32. g4 fxg4 33. Bxg4
Bb3 34. Bd7 Nd5 35. Kf2 Nf6 36. Bf5 Nxh5 37. Bb8 a6 38. Bc7 Bxa4 39. Bxb6 Nf6
40. Bc8 Ne4+ 41. Kf3 Bc6 42. Kf4 Nf6 43. Ba5 Nd5+ 44. Ke5 Nxe3 45. Bxa6 Bd5 46.
Be1 Be6 47. Kd6 h5 48. Bb7 g5 49. d5 Nxd5 50. Bxd5 1/2-1/2

[Event "Mitropa Cup 27th"]
[Site "Olbia"]
[Date "2008.06.02"]
[Round "8.2"]
[White "Bosiocic, Marin"]
[Black "Borisek, Jure"]
[Result "1/2-1/2"]
[WhiteElo "2503"]
[BlackElo "2522"]
[PlyCount "95"]
[EventDate "2008.05.25"]
[EventType "team-tourn"]
[EventRounds "9"]
[EventCountry "ITA"]
[Source "ChessBase"]
[SourceDate "2008.07.03"]
[WhiteTeam "Croatia"]
[BlackTeam "Slovenia"]
[WhiteTeamCountry "CRO"]
[BlackTeamCountry "SVK"]

1. e4 e5 2. Nf3 Nc6 3. Bb5 a6 4. Ba4 Nf6 5. O-O Be7 6. Re1 b5 7. Bb3 d6 8. c3
O-O 9. h3 Nb8 10. d4 Nbd7 11. Nbd2 Bb7 12. Bc2 Re8 13. Nf1 Bf8 14. Ng3 c6 15.
a4 Qc7 16. Bg5 h6 17. Be3 Rad8 18. Qb1 Nb6 19. axb5 axb5 20. b3 Nbd7 21. Nd2
Ra8 22. Rxa8 Rxa8 23. b4 Nb6 24. Bb3 c5 25. bxc5 dxc5 26. dxe5 Qxe5 27. c4 bxc4
28. Bxc4 Nxc4 29. Nxc4 Qc3 30. Rc1 Qb4 31. Qc2 Qa4 32. Qc3 Qb4 33. Qc2 Qa4 34.
f3 Qxc2 35. Rxc2 Nd7 36. Nf5 h5 37. Kf2 Ra4 38. Bf4 Ba6 39. Nce3 g6 40. Rd2 Bb5
41. Nd6 Bc6 42. g4 hxg4 43. hxg4 Rd4 44. Rxd4 cxd4 45. Nec4 Nc5 46. Ke2 f6 47.
Bc1 d3+ 48. Ke1 1/2-1/2

[Event "Mitropa Cup 27th"]
[Site "Olbia"]
[Date "2008.06.02"]
[Round "8.3"]
[White "Sebenik, Matej"]
[Black "Saric, Ivan"]
[Result "0-1"]
[WhiteElo "2502"]
[BlackElo "2500"]
[PlyCount "72"]
[EventDate "2008.05.25"]
[EventType "team-tourn"]
[EventRounds "9"]
[EventCountry "ITA"]
[Source "ChessBase"]
[SourceDate "2008.07.03"]
[WhiteTeam "Slovenia"]
[BlackTeam "Croatia"]
[WhiteTeamCountry "SVK"]
[BlackTeamCountry "CRO"]

1. d4 Nf6 2. c4 g6 3. g3 Bg7 4. Bg2 d5 5. cxd5 Nxd5 6. e4 Nb6 7. Ne2 c5 8. d5
e6 9. Nbc3 O-O 10. O-O Na6 11. Nf4 exd5 12. Nfxd5 Nxd5 13. exd5 Bf5 14. d6 Qd7
15. a3 h6 16. h4 Nb8 17. Be3 c4 18. Na4 Na6 19. Rc1 Rac8 20. Re1 Bg4 21. f3 Be6
22. Kh2 Rfd8 23. Bf4 Nc5 24. Nxc5 Rxc5 25. Qe2 g5 26. hxg5 hxg5 27. b4 Rd5 28.
Be3 c3 29. Bxa7 Qxd6 30. Bc5 Qd7 31. Qe3 Rd2 32. Re2 Rxe2 33. Qxe2 Qd2 34. Re1
Qxe2 35. Rxe2 Rd2 36. Re1 c2 0-1

[Event "Mitropa Cup 27th"]
[Site "Olbia"]
[Date "2008.06.02"]
[Round "8.4"]
[White "Doric, Darko"]
[Black "Skoberne, Jure"]
[Result "1/2-1/2"]
[WhiteElo "2448"]
[BlackElo "2492"]
[PlyCount "66"]
[EventDate "2008.05.25"]
[EventType "team-tourn"]
[EventRounds "9"]
[EventCountry "ITA"]
[Source "ChessBase"]
[SourceDate "2008.07.03"]
[WhiteTeam "Croatia"]
[BlackTeam "Slovenia"]
[WhiteTeamCountry "CRO"]
[BlackTeamCountry "SVK"]

1. d4 d6 2. Nf3 g6 3. c4 Bg7 4. Nc3 Bg4 5. e3 c5 6. Be2 cxd4 7. exd4 Nh6 8. Bd2
O-O 9. O-O Nf5 10. d5 Nd7 11. h3 Bxf3 12. Bxf3 Ne5 13. Be2 Qb6 14. b3 a6 15.
Re1 Qd4 16. Rc1 Rfe8 17. Bf1 e6 18. dxe6 fxe6 19. Bg5 h6 20. Be3 Qxd1 21. Nxd1
Nxe3 22. Nxe3 Kf7 23. Rcd1 Red8 24. Re2 a5 25. Red2 Ke7 26. a4 Rac8 27. Bd3
Nxd3 28. Rxd3 Rc5 29. Kf1 h5 30. Re1 Kd7 31. Red1 Kc6 32. h4 Bf6 33. g3 g5
1/2-1/2